ბათუმის შოთა რუსთაველის სახელმწიფო უნივერსიტეტის ბიბლიოთეკა

Bilingualism and deafness : (ბიბ.ჩანაწერი № 58135)

000 -LEADER
fixed length control field 01120cam a22002415i 4500
001 - CONTROL NUMBER
control field 19710346
005 - DATE AND TIME OF LATEST TRANSACTION
control field 20210625105617.0
008 - FIXED-LENGTH DATA ELEMENTS--GENERAL INFORMATION
fixed length control field 170614s20162016enka b 001 0 eng d
020 ## - INTERNATIONAL STANDARD BOOK NUMBER
International Standard Book Number 9781501513961
041 ## - LANGUAGE CODE
Language code of text/sound track or separate title eng
080 ## - UNIVERSAL DECIMAL CLASSIFICATION NUMBER
Universal Decimal Classification number 3765.33 P-71
100 1# - MAIN ENTRY--PERSONAL NAME
Personal name Plaza Pust, Carolina
9 (RLIN) 12122
245 10 - TITLE STATEMENT
Title Bilingualism and deafness :
Remainder of title on language contact in the bilingual acquisition of sign language and written language /
Statement of responsibility, etc. Carolina Plaza-Pust; Editors Annika Herrman, Markus Steinbach, Ulrike Zeshan.
264 #4 - PRODUCTION, PUBLICATION, DISTRIBUTION, MANUFACTURE, AND COPYRIGHT NOTICE
Date of production, publication, distribution, manufacture, or copyright notice Boston :
Place of production, publication, distribution, manufacture Ishara Press,
Name of producer, publisher, distributor, manufacturer 2016.
300 ## - PHYSICAL DESCRIPTION
Extent 498 pages :
Other physical details illustrations ;
Dimensions 24 cm.
653 ## - INDEX TERM--UNCONTROLLED
keyword კომუნიკაციის საშუალებები სმენა დაქვეითებულთათვის
653 ## - INDEX TERM--UNCONTROLLED
keyword Средства связи для слабослышащих
700 ## - ADDED ENTRY--PERSONAL NAME
Personal name Annika Herrman
Relator term რედაქტორი
9 (RLIN) 12123
700 ## - ADDED ENTRY--PERSONAL NAME
Personal name Steinbach, Markus
Relator term რედაქტორი
9 (RLIN) 12124
700 ## - ADDED ENTRY--PERSONAL NAME
Personal name Zeshan, Ulrike
Relator term რედაქტორი
9 (RLIN) 12125
830 #0 - SERIES ADDED ENTRY--UNIFORM TITLE
Uniform title Sign languages and deaf communities ;
Volume/sequential designation 7.
9 (RLIN) 12126
942 ## - ADDED ENTRY ELEMENTS (KOHA)
Source of classification or shelving scheme
Koha item type წიგნი
ეგზემპლარები
Withdrawn status Lost status Source of classification or shelving scheme Damaged status Not for loan Permanent Location Current Location Shelving location Date acquired Cost, normal purchase price Full call number Barcode Date last seen Copy number Price effective from Koha item type Public note
          ბათუმის შოთა რუსთაველის სახელმწიფო უნივერსიტეტის მთავარი ბიბლიოთეკა ბათუმის შოთა რუსთაველის სახელმწიფო უნივერსიტეტის მთავარი ბიბლიოთეკა წიგნსაცავი 2021-06-25 346.00 3765.33 P-71 61418 2021-06-25 61418 2021-06-25 წიგნი 346 ლ.